Numerical Simulations of Turbulent Combustion (Record no. 32011)

MARC details
000 -LEADER
fixed length control field 01103nam a2200121Ia 4500
008 - FIXED-LENGTH DATA ELEMENTS--GENERAL INFORMATION
fixed length control field 220620s9999||||xx |||||||||||||| ||und||
245 #0 - TITLE STATEMENT
Title Numerical Simulations of Turbulent Combustion
546 ## - LANGUAGE NOTE
Language note English[eng]
650 ## - SUBJECT ADDED ENTRY--TOPICAL TERM
Topical term or geographic name entry element sidewall quenching||LES||premixed methane||flame–wall interaction||FGM||Lewis number||flame curvature||iso-scalar non-material surfaces||turbulent premixed spherical flame||reaction waves||turbulent reacting flows||turbulent consumption velocity||bending effect||reaction surface area||molecular transport||direct numerical simulations||turbulent flame||premixed turbulent combustion||countergradient transport||flame surface density||scalar dissipation rate||modeling||large eddy simulation||confined||boundary layer flashback||turbulent combustion||hydrogen||autoignition modelling||reduced chemical kinetics||gasoline surrogates||engine knock||spray combustion||evaporative cooling||flame surface wrinkling modeling||thickened flame||flamelet generated manifold||n/a
700 ## - ADDED ENTRY--PERSONAL NAME
Personal name Lipatnikov, Andrei
856 ## - ELECTRONIC LOCATION AND ACCESS
Uniform Resource Identifier <a href="https://mdpi.com/books/pdfview/book/2458">https://mdpi.com/books/pdfview/book/2458</a>
942 ## - ADDED ENTRY ELEMENTS (KOHA)
Koha item type E-Books
Holdings
Withdrawn status Lost status Damaged status Not for loan Home library Current library Date acquired Total Checkouts Date last seen Price effective from Koha item type
        Kerala University of Digital Sciences, Innovation and Technology Knowledge Centre Kerala University of Digital Sciences, Innovation and Technology Knowledge Centre 20/06/2022   20/06/2022 20/06/2022 E-Books